00531nam a2200193Ia 4500008004100000041001200041082001200053100005400065245004200119260002800161300000800189365000800197520001200205546001200217630004200229650001200271655001200283730004200295101110s9999 xx 000 0 und d aENGLISH bSR33671 aBhole K.G., Shroff Adarsh, Ranade A.J. and others aA new course in physics Vol. II FYBSc c2010bSheth pub, Mumbai a222 b115 aPhysics aENGLISH aA new course in physics Vol. II FYBSc aPhysics aPhysics aA new course in physics Vol. II FYBSc